000 00551nmm a2200169Ia 4500
008 251105s9999||||xx |||||||||||||||||und||
020 _a8497424794
041 _aspa
100 _aLa Rubia Prado, Francisco
245 0 _aUna encrucijada española :
_b Ensayos críticos sobre Miguel de Unamuno y José Ortega y Gasset
264 _a[Madrid, España] :
_bBiblioteca Nueva,
_c2005
300 _a268 páginas
490 _aEnsayo Pensamiento
650 _aPhilosophy, Ethics
856 _uhttps://public.digitaliapublishing.com/a/5264
942 _cCF
999 _c74202
_d74202